000
00288nam a2200121Ia 4500
005
20251222144809.0
008
251222s9999||||xx |||||||||||||| ||spa||
020
_a
84-7971-000-4
082
_a
641.594.5/P86
245
0
_a
Primeros Platos:
264
_b
Servilibro Ediciones
942
_c
LIB
999
_c
20044
_d
20044